00500 2200193 4500001002100000005001500021035002000036245007100056100002000127300002800147260003900175082000800214084001400222020002200236990001200258990001200270990001200282990001200294INLIS00000000000308920250930101043 a0010-09250004361 aPotret Perjalanan Sang Ujung Tombak Pemilu 2024 /cFarid Bani Adam0 aFarid Bani Adam a226 hlm ;c14,5 x 21 cm aTegal :bBawaslu Kab. Tegal,c2024 a320 a320 FAR p a978-623-92060-2-4 a0755537 a0755538 a0755539 a0755540